Statistics for 8-Letter Video Game Chain Quiz (#1)

Click here to take the quiz!

General Stats

  • This quiz has been taken 19 times
    (5 since last reset)
  • The average score is 9 of 21

Answer Stats

HintAnswer% Correct
The name of Wade Wilson's alter-ego, known as the 'Merc with a mouth', who got his own video game in 2013.Deadpool
75%
Hello ________, attempt to sneak into the house across the street to find out what horrible secrets are hidden in the basement.Neighbor
75%
A 1984 arcade game where the player controls a young boy on a bicycle who must deliver newspapers and avoid the hazards of his neighbourhood.Paperboy
75%
Chris ________, debuted as one of the two playable characters in a well-known zombie franchise (mentioned in this quiz)Redfield
75%
________ Evil, Capcom's survival horror franchise. The story follows outbreaks of zombies and other monsters created mainly by the Umbrella Corporation.Resident
75%
Relation of Heather to Harry Mason, in Silent Hill 3.Daughter
50%
Overwatch's 25th hero, added to the roster in July 2017. He possess a cybernetic gauntlet and was voiced by Sahr Ngaujah.Doomfist
50%
________ Chainsaw, a hack-and-slash game where the player controls a chainsaw-wielding cheerleader against a horde of zombies.Lollipop
50%
________ Games Inc, an American video game publisher whose products includes Grand Theft Auto and Red Dead Redemption.Rockstar
50%
A character who made her debut in Super Mario Galaxy, whose duty is to guard the universe. She has become a recurring character in spin-off games of the Mario franchise.Rosalina
50%
The name of the radio host, DJ, and news anchor of the Galaxy News Radio station in Fallout 3's Capital Wasteland.Three Dog
50%
________ McGee's Alice, this 2000 game presents a gloomy, cruel and violent version of Wonderland that has been damaged by Alice's stay in a psychiatric clinic.American
25%
A general purpose robot manufactured by Hyperion in the Borderlands series with an overenthusiastic personality.Claptrap
25%
Reckonin' At ___ _____, the DLC for West Of Loathing which sees the player attempting to help clear ghosts from the residence in the title.Gun Manor
25%
Scrap ________, a unique creative building game that allows the player to build whatever they can imagine with the 100+ building parts available.Mechanic
25%
You play as a resurrected warrior, and the titular character for this series, who has control over hordes of goblin-like creatures with their own unique abilities.Overlord
25%
________ Island, is the easternmost borough located in the Liberty City of Grand Theft Auto III, and is where you'll find the Mafia and Triad gangs.Portland
25%
Character from the Crash Bandicoot series who is a hybrid of a large ape and a marsupial renowned for its leap.Rilla Roo
25%
________ Unfolded, a 2015 platform-adventure game exclusive to PS4. The game takes place in a vibrant storybook-type world made entirely out of paper.Tearaway
25%
This fictional village in the English countryside is the primary setting for the 2015 game 'Everybody's Gone To The Rapture'.Yaughton
25%
________ of Vengerberg, a sorceress and Geralt of Rivia's true love in The Witcher series.Yennefer
25%

Score Distribution

Percentile by Number Answered

Percent of People with Each Score

Your Score History

You have not taken this quiz since the last reset